| 000 | 00986cam a22003015a 4500 | ||
|---|---|---|---|
| 001 | 17310438 | ||
| 005 | 20151025101305.0 | ||
| 008 | 120517t2012 njua frb 001 0 eng d | ||
| 010 | _a 2012020183 | ||
| 020 | _a9780470949450 | ||
| 040 |
_aDNLM/DLC _beng _cDLC _dDLC _dEG-ScBUE |
||
| 082 | 0 | 4 |
_a615.19 _bBOD _222 |
| 100 | 1 |
_aBodor, Nicholas. _938557 |
|
| 245 | 1 | 0 |
_aRetrometabolic drug design and targeting / _cNicholas Bodor, Peter Buchwald. |
| 260 |
_aHoboken : _bJohn Wiley & Sons, _cc.2012 . |
||
| 300 |
_axii, 405 p. : _bill. (some col.) ; _c24 cm. |
||
| 500 | _aIndex : p. 397-405. | ||
| 504 | _aIncludes bibliographical references. | ||
| 650 | 1 | 2 |
_aDrug Design. _2BUEsh |
| 650 | 2 | 2 |
_aDrug Delivery Systems. _2BUEsh _936090 |
| 650 | 2 | 2 |
_aDrug Evaluation, Preclinical. _2BUEsh |
| 650 | 2 | 2 |
_aPharmaceutical Preparations _xmetabolism. _2BUEsh |
| 651 | _2BUEsh | ||
| 653 |
_bPPhrm _cOctober2015 |
||
| 655 |
_vReading book _934232 |
||
| 700 | 1 | _aBuchwald, Peter. | |
| 942 | _2ddc | ||
| 999 |
_c20957 _d20929 |
||